| 000 | 00378nam a22001457a 4500 | ||
|---|---|---|---|
| 005 | 20250924114652.0 | ||
| 008 | 250924b |||||||| |||| 00| 0 eng d | ||
| 020 | _a8127212407 | ||
| 050 |
_aSB608 _b.G6 KHA |
||
| 100 | _aKHARE B. P. | ||
| 245 | _aSTORED GRAIN PESTS AND THEIR MANAGEMENT | ||
| 260 |
_aNEW DELHI _bKALYANI PUBLISHERS _cc1993 |
||
| 300 | _a314p | ||
| 942 |
_2lcc _cBK _n0 |
||
| 999 |
_c7677 _d7677 |
||